000 00771nam a2200253 a 4500
001 56384
003 BD-RjUL
005 20211209080405.0
008 161129s1971 nyua b 001 0 eng
035 _a(BD-RjUL)56508
040 _aDLC
_cDLC
_dBD-RjUL
_beng
041 _aeng
082 0 0 _a658.4034
_223
_bLEQ 1971
100 1 _aLevin, Richard I.
_9167729
245 1 0 _aQuantitative approaches to management /
_cRichard I. Levin and C. A. Kirkpatrick.
250 _a2nd ed.
260 _aNew York :
_bMcGraw-Hill Book Company,
_c1971.
300 _axiv, 461 p. :
_bill. ;
_c23 cm.
500 _aIncludes index
650 0 _aOperations research.
_9167730
700 1 _aKirkpatrick, Charles Atkinson,
_ejoint author.
_9167731
942 _2ddc
_cBK
999 _c56384
_d56384